000 00277nam a22001217a 4500
008 180314b xxu||||| |||| 00| 0 eng d
041 _aeng
080 _a574
100 _a9
101 _amje
245 _adairy systems foe the 21 st century
_cbucklin.r
942 _2udc
_cBK
999 _c44942
_d44942